00370nam a2200157Ia 4500003000400000005001700004008004000021040000700061041001200068082001600080100002400096245002500120260003700145300000800182650002200190OSt20250726121457.0210210b2000 xxu||||| |||| 00| 0 eng d cAL aEnglish a957.87 SEQH aSEQUEIRA (Gilbert). aHistory of Karnataka aMangalorebJJ Publicationsc2000 a391 a II PUC text book